Todos los fuegos el fuego
Salvato in:
| Autore principale: | |
|---|---|
| Natura: | Libro |
| Lingua: | spagnolo |
| Pubblicazione: |
Buenos Aires
Sudamericana
1968
|
| Edizione: | 7a. ed |
| Soggetti: | |
| Tags: |
Aggiungi Tag
Nessun Tag, puoi essere il primo ad aggiungerne!!
|
MARC
| LEADER | 00000nam a2200000 a 4500 | ||
|---|---|---|---|
| 001 | UCG5335 | ||
| 003 | CL-VaPUC | ||
| 008 | 110303e19680500AG |||||||||||||||||spa|d | ||
| 082 | 0 | 4 | |a Ar863 |b COR |2 21 |
| 100 | |a Cortázar, Julio, |d 1914-1984 |e author |9 347319 | ||
| 245 | 1 | 0 | |a Todos los fuegos el fuego |
| 250 | |a 7a. ed | ||
| 300 | |a 197 p | ||
| 942 | |c BK | ||
| 945 | |d 20110303 00:00:00 |a cmena | ||
| 260 | |a Buenos Aires |b Sudamericana |c 1968 | ||
| 650 | 7 | |a CUENTOS ARGENTINOS |2 CL-VaPUC |9 554979 | |
| 650 | 0 | |a Literatura argentina |9 320596 | |
| 583 | |a last modification |c 20110303 00:00:00 |k Rodrigo Vera | ||
| 999 | |c 343870 |d 343868 | ||
| 952 | |0 0 |1 0 |4 0 |6 AR_863_000000000000000_COR_1968 |7 0 |8 A |9 441559 |a BIBEDU |b BIBEDU |d 2019-11-22 |i 4738160 |o Ar863 COR 1968 |p 4738160 |r 2019-11-22 |w 2019-11-22 |y BK |k LIT | ||